000 00979nam a2200277 i 4500
001 33932
003 BD-RjUL
005 20211209052100.0
008 140512s1958 xx ab 000 0 eng d
035 _a(BD-RjUL)34024
040 _aCWR
_cCWR
_dm/c
_dRCD
_dBD-RjUL
_beng
041 _aeng
082 _a304.82952
_bMIS 1958
090 _aJV6033
_b.M638
099 _aJV6033.M638
110 2 _aMilbank Memorial Fund.
_9103111
245 1 0 _aSelected studies of migration since World War II /
_bproceedings of the thirty-fourth annual conference of the Milbank Memorial Fund, held October 30-31, 1957, at the New York Academy of Medicine, Part III.
260 _aNew York :
_bThe Fund,
_c1958.
300 _a244 p. :
_bill. ;
_c23 cm.
504 _aIncludes bibliography.
650 0 _aEmigration and immigration.
_9103090
650 0 _aMigration, Internal
_zJapan.
_9103110
651 0 _aUnited States
_xEmigration and immigration.
_915015
942 _2ddc
_cBK
949 _aMYGR
999 _c33932
_d33932